A carregar...
Visual Basic 6: In record time
| Autor principal: | |
|---|---|
| Formato: | Printed Book |
| Publicado em: |
BPB Pub: New Delhi
1998
|
| Assuntos: |
| LEADER | 00543nam a2200193 4500 | ||
|---|---|---|---|
| 020 | |a 817656026X |c 275 | ||
| 082 | |a R 005.13VB BRO | ||
| 100 | |a Brown, Steve | ||
| 245 | |a Visual Basic 6: In record time |c Brown, Steve | ||
| 250 | |||
| 260 | |a BPB Pub: New Delhi |c 1998 | ||
| 300 | |a 659 p | ||
| 490 | |||
| 500 | |||
| 590 | |||
| 650 | |a Front End Package-Visual Basic | ||
| 942 | |c BK | ||
| 999 | |c 137164 |d 137164 | ||
| 952 | |0 0 |1 0 |4 0 |6 R_005_000000000000000_13VB_BRO |7 0 |9 150624 |a IMK |b IMK |g 275.00 |l 0 |o R 005.13VB BRO |p IMK04170 |r 2019-10-25 |w 2019-10-25 |y BK | ||